000 00399nam a22001697a 4500
003 MPLRDC
005 20220104144342.0
008 210129b ||||| |||| 00| 0 eng d
082 _a857.37 ZX
100 _a周询
245 _a芙蓉话旧录
_c
250 _a初版
260 _a
_b四川人民出版社
_c1987
300 _b
650 _a小说--笔记; 琐语
942 _cBK
_o857.37 ZX
999 _c48783
_d48773